Návrh a výroba puzdier v podmienkach WITTEX plus, s.r.o. Veľké Kostoľany

Uložené v:
Podrobná bibliografia
Hlavný autor: Bokor, Daniel (Autor)
Ďalší autori: Pokorný, Peter (Vedúci práce)
Médium: Rukopis Kniha
Jazyk:Slovak
Vydavateľské údaje: 2025
Predmet:
On-line prístup:http://is.stuba.sk/zp/portal_zp.pl?podrobnosti=183986
Tagy: Pridať tag
Žiadne tagy, Buďte prvý, kto otaguje tento záznam!

MARC

LEADER 00000ntm a22000003a 4500
001 stuzp103652
003 SK-STU
005 20250614212118.4
007 ta
008 150427s2015----xo-----f-mn---000-0-slo-d
040 |a STU  |b slo 
041 0 |a slo 
100 1 |a Bokor, Daniel  |u 063000  |4 aut  |U MTF Materiálovotechnologická fakulta  |T MTF Ústav výrobných technológií  |X 111798  |U M3000  |Y 83  |7 111798 
242 0 1 |a Design and production of cases under the conditions of WITTEX plus, s.r.o. Veľké Kostoľany  |y eng 
245 1 0 |a Návrh a výroba puzdier v podmienkach WITTEX plus, s.r.o. Veľké Kostoľany 
260 |c 2025 
650 4 |a Fanuc  |2 eng 
650 4 |a Fusion 360  |2 eng 
650 4 |a FeatureCAM  |2 eng 
650 4 |a interchangeable cutting inserts  |2 eng 
650 4 |a cutting parameters  |2 eng 
650 4 |a Fanuc  |2 slo 
650 4 |a Fusion 360  |2 slo 
650 4 |a FeatureCAM  |2 slo 
650 4 |a vymeniteľná rezná platnička  |2 slo 
650 4 |a rezné parametre  |2 slo 
700 1 |a Pokorný, Peter  |4 ths  |X 2771  |7 A000002771 
856 4 |u http://is.stuba.sk/zp/portal_zp.pl?podrobnosti=183986 
996 |c M* DP-15497  |l MMSKP  |s P  |a 0  |w stuzp103652_0001